| 000 | 00977nam a2200325Ia 4500 | ||
|---|---|---|---|
| 001 | dia_187 | ||
| 003 | CHAP | ||
| 005 | 20221208133109.0 | ||
| 008 | 220117s1979 xx 000 0 und d | ||
| 010 | _a170618 | ||
| 020 | _a84-03-18280-5 | ||
| 040 | _cCHAP | ||
| 082 | _a330 S26 1979 | ||
| 100 |
_aSamuelson, Paul A. _9147513 |
||
| 245 |
_aCurso de economía moderna / _c Paul A. Samuelson ; traducción José Luis Sampedro |
||
| 250 | _a17a ed. | ||
| 260 |
_aMadrid, España : _b Aguilar, _c1979 |
||
| 300 | _axxvii, 1004 p. | ||
| 400 | _aBIBLIOTECA DE CIENCIAS SOCIALES | ||
| 440 |
_aBiblioteca de Ciencias Sociales _912278 |
||
| 500 | _aTítulo original: Economics | ||
| 590 | _aHB171.5 S26 1979 | ||
| 650 |
_aEconomía _935226 |
||
| 650 |
_aEconomics _9147376 |
||
| 700 |
_aSampedro, José Luis, tr. _9147517 |
||
| 901 | _a330 S26 1979 | ||
| 902 | _aM | ||
| 905 | _a5232271979 sp imn 8222223322spa16 | ||
| 942 |
_cLIBRO _2ddc |
||
| 999 |
_c170618 _d170618 |
||